000 00787nam a2200241Ia 4500
003 OSt
005 20220923224344.0
006 a|||||r|||| 00| 0
007 ta
008 Pun
024 _a231,563
037 _cTextual
040 _aARTS
_cARTS
_bPun
041 _2Pun
_aPun
082 _aQ8441wI69:g, 153N3
100 _aਬੇਦੀ, ਹਰਮਿੰਦਰ ਸਿੰਘ
245 0 _aਗੁਰੂ ਨਾਨਕ ਬਾਣੀ ਅਤੇ ਭਾਰਤੀ ਸੰਸਕ੍ਰਿਤੀ
260 _aਅੰਮ੍ਰਿਤਸਰ
_b ਜਸਜੀਤ ਸਾਹਿਤ ਪ੍ਰਕਾFਨ
_c1993
300 _a154ਪੰ
_ccm.
650 _aਧਰਮ
942 _hQ8441wI69:g, 153N3
_cTEXL
_2CC
999 _c370908
_d370908